Normal view
MARC view
- Mustafa Anwar (NUST201260710MCES64112F)
Entry Personal Name
001 - CONTROL NUMBER
- control field: 116265
003 - CONTROL NUMBER IDENTIFIER
- control field: NUST
005 - DATE AND TIME OF LATEST TRANSACTION
- control field: 20230912165920.0
008 - FIXED-LENGTH DATA ELEMENTS
- fixed length control field: 230912|| aca||aabn | a|a d
040 ## - CATALOGING SOURCE
- Original cataloging agency: NUST
- Transcribing agency: NUST
100 ## - HEADING--PERSONAL NAME
- Personal name: Mustafa Anwar (NUST201260710MCES64112F)
670 ## - SOURCE DATA FOUND
- Source citation: Work cat.: (NUST): Mustafa Anwar (NUST201260710MCES64112F), Development of samarium doped ceria (SDC) and SDC-based composite electrolyte for application in intermediate temperature solid oxide fuel cells (SOFCs) /, 2014
